Curso de cálculo operacional aplicado

Bewaard in:
Bibliografische gegevens
Hoofdauteurs: Denis-Papin, M (Auteur), Kaufmann, Arnold (Auteur)
Formaat: Boek
Taal:Spaans
Gepubliceerd in: Bilbao Urmo 1970
Reeks:Curso de matemáticas superiores
Onderwerpen:
Tags: Voeg label toe
Geen labels, Wees de eerste die dit record labelt!

MARC

LEADER 00000nam a2200000 a 4500
001 UCW0972
003 CL-VaPUC
008 900731e19700000SP |||||||||||||||||spa|d
082 0 4 |a 515.72  |b DEN  |2 21 
100 |a Denis-Papin, M  |e author  |9 564015 
700 |a Kaufmann, Arnold  |e author  |9 479848 
245 1 0 |a Curso de cálculo operacional aplicado 
300 |a 10 v 
942 |c BK 
945 |d 19900731 00:00:00  |a mfernand 
260 |a Bilbao  |b Urmo  |c 1970 
650 7 |a CALCULO OPERACIONAL  |2 CL-VaPUC  |9 270307 
650 0 |a Transformaciones de Laplace  |9 260072 
583 |a last modification  |c 20140410 11:55:58  |k Rodrigo Vera 
490 0 |a Curso de matemáticas superiores 
999 |c 215968  |d 215966 
952 |0 0  |1 0  |4 0  |6 515_720000000000000_DEN_1970  |7 0  |8 A  |9 201278  |a BIBMAT  |b BIBMAT  |d 2019-11-14  |i 4489764  |o 515.72 DEN 1970  |p 4489764  |r 2025-01-07  |w 2019-11-14  |y BK  |k MAT